[Event "Stay Safe Play From Home 249"]
[Site "Emanuel Lasker Arena"]
[Date "2020.06.23"]
[Round "4"]
[White "Germanicus G"]
[Black "Matanant"]
[Result "1-0"]
[WhiteElo "1665"]
[BlackElo "1669"]
[Annotator "NA RC"]
[PlyCount "131"]
[EventDate "2020.06.23"]
[EventType "swiss (blitz)"]

1. Nf3 {[%emt 0:00:04]} Nf6 {[%emt 0:00:03]} 2. d4 {[%emt 0:00:01]} d5 {[%emt 0:00:02]} 3. c4 {[%emt 0:00:01]} e6 {[%emt 0:00:01]} 4. e3 {[%emt 0:00:01]} Ne4 {[%emt 0:00:01]} 5. Nc3 {[%emt 0:00:02]} Bb4 {[%emt 0:00:02]} 6. Qc2 {[%emt 0:00:08]} c5 {[%emt 0:00:02]} 7. cxd5 {[%emt 0:00:02]} exd5 {[%emt 0:00:02]} 8. a3 {[%emt 0:00:16]} Qa5 {[%emt 0:00:02]} 9. Bd2 {[%emt 0:00:18]} Nxd2 {[%emt 0:00:06]} 10. Qxd2 {[%emt 0:00:02]} c4 {[%emt 0:00:05]} 11. Be2 {[%emt 0:00:20]} O-O {[%emt 0:00:04]} 12. O-O {[%emt 0:00:02]} Bd6 {[%emt 0:00:19]} 13. e4 {[%emt 0:00:22]} Be6 {[%emt 0:00:17]} 14. exd5 {[%emt 0:00:06]} Bxd5 {[%emt 0:00:01]} 15. Nxd5 {[%emt 0:00:01]} Qxd5 {[%emt 0:00:02]} 16. Qc3 {[%emt 0:00:17]} b5 {[%emt 0:00:03]} 17. a4 {[%emt 0:00:04]} a6 {[%emt 0:00:03]} 18. axb5 {[%emt 0:00:21]} axb5 {[%emt 0:00:03]} 19. b3 {[%emt 0:00:02]} Rxa1 {[%emt 0:00:09]} 20. Rxa1 {[%emt 0:00:07]} Rc8 {[%emt 0:00:00]} 21. bxc4 {[%emt 0:00:05]} bxc4 {[%emt 0:00:02]} 22. Rc1 {[%emt 0:00:03]} Bf4 {[%emt 0:00:23]} 23. Rc2 {[%emt 0:00:07]} Qb5 {[%emt 0:00:10]} 24. g3 {[%emt 0:00:13]} Qb1+ {[%emt 0:00:09]} 25. Kg2 {[%emt 0:00:02]} Bd6 {[%emt 0:00:06]} 26. Bxc4 {[%emt 0:00:02]} Kf8 {[%emt 0:00:12] Matanant reconnected.} 27. Qb3 {[%emt 0:00:12]} Qxb3 {[%emt 0:00:06]} 28. Bxb3 {[%emt 0:00:01]} Rd8 {[%emt 0:00:11]} 29. d5 {[%emt 0:00:03]} f6 {[%emt 0:00:07]} 30. Ba4 {[%emt 0:00:02]} Ke7 {[%emt 0:00:03]} 31. Bc6 {[%emt 0:00:01]} Na6 {[%emt 0:00:06]} 32. Nd4 {[%emt 0:00:01]} Nc5 {[%emt 0:00:07]} 33. Nf5+ {[%emt 0:00:03]} Kf7 {[%emt 0:00:02]} 34. Nxd6+ {[%emt 0:00:04]} Rxd6 {[%emt 0:00:01]} 35. Rxc5 {[%emt 0:00:01]} f5 {[%emt 0:00:03]} 36. h4 {[%emt 0:00:00]} Kf6 {[%emt 0:00:01]} 37. f4 {[%emt 0:00:01]} g6 {[%emt 0:00:02]} 38. Rb5 {[%emt 0:00:01]} h6 {[%emt 0:00:01]} 39. Rb7 {[%emt 0:00:04]} g5 {[%emt 0:00:01]} 40. hxg5+ {[%emt 0:00:04]} hxg5 {[%emt 0:00:01]} 41. fxg5+ {[%emt 0:00:01]} Kxg5 {[%emt 0:00:01]} 42. Rd7 {[%emt 0:00:02]} Rg6 {[%emt 0:00:05]} 43. Kf3 {[%emt 0:00:02]} Rg8 {[%emt 0:00:09]} 44. d6 {[%emt 0:00:05]} Kf6 {[%emt 0:00:01]} 45. Rc7 {[%emt 0:00:08]} Rb8 {[%emt 0:00:18]} 46. d7 {[%emt 0:00:03]} Rb3+ {[%emt 0:00:05]} 47. Kg2 {[%emt 0:00:01]} Ke7 {[%emt 0:00:02]} 48. Rc8 {[%emt 0:00:02]} Rd3 {[%emt 0:00:02]} 49. Bb5 {[%emt 0:00:06]} Rd5 {[%emt 0:00:12]} 50. d8=Q+ {[%emt 0:00:05]} Rxd8 {[%emt 0:00:02]} 51. Rxd8 {[%emt 0:00:00]} Kxd8 {[%emt 0:00:01]} 52. Bd3 {[%emt 0:00:01]} Ke7 {[%emt 0:00:00]} 53. Bxf5 {[%emt 0:00:01]} Kf6 {[%emt 0:00:01]} 54. g4 {[%emt 0:00:00]} Kg5 {[%emt 0:00:02]} 55. Kg3 {[%emt 0:00:00]} Kf6 {[%emt 0:00:01]} 56. Bd3 {[%emt 0:00:01]} Kg5 {[%emt 0:00:01]} 57. Kf3 {[%emt 0:00:00]} Kf6 {[%emt 0:00:02]} 58. Kf4 {[%emt 0:00:00]} Kg7 {[%emt 0:00:01]} 59. g5 {[%emt 0:00:00]} Kf7 {[%emt 0:00:01]} 60. Kf5 {[%emt 0:00:00]} Kg7 {[%emt 0:00:00]} 61. g6 {[%emt 0:00:01]} Kf8 {[%emt 0:00:01]} 62. Kf6 {[%emt 0:00:01]} Kg8 {[%emt 0:00:01]} 63. Bc4+ {[%emt 0:00:01]} Kh8 {[%emt 0:00:01]} 64. g7+ {[%emt 0:00:01]} Kh7 {[%emt 0:00:01]} 65. g8=Q+ {[%emt 0:00:01]} Kh6 {[%emt 0:00:00]} 66. Qg6# {[%emt 0:00:01] (Lag: Av=1.65s, max=27.0s)} 1-0

[Event "Stay Safe Play From Home 249"]
[Site "Emanuel Lasker Arena"]
[Date "2020.06.23"]
[Round "5"]
[White "Lazieri3"]
[Black "Dave_H"]
[Result "1-0"]
[WhiteElo "2113"]
[BlackElo "1927"]
[Annotator "TA"]
[PlyCount "133"]
[EventDate "2020.06.23"]
[EventType "swiss (blitz)"]
[BlackTeam "SK Vellmar"]

{[%evp 9,133,31,34,8,17,14,26,0,13,8,15,9,10,-7,-9,-12,-8,-8,0,-16,16,8,20,0,18,17,14,-8,0,-5,-9,-7,0,-27,72,0,66,37,41,29,82,89,128,0,0,0,12,11,10,17,22,12,28,23,35,0,0,0,0,0,44,11,11,0,155,129,257,175,218,0,0,0,179,72,54,82,85,91,135,92,362,329,352,0,0,0,66,0,492,480,534,454,423,485,483,390,418,491,765,520,489,484,514,514,485,450,510,435,464,462,1046,991,1562,1448,29982,29983,29983,29984,29984,29985,29993,29994,29994,29991,29991,5169]} 1. e4 e5 2. Nf3 Nc6 3. Bc4 Nf6 4. d3 Bc5 5. O-O a6 6. h3 {C50: Hungarian Defence and Giuoco Pianissimo.} Ba7 {[#]} 7. Nc3 $146 ({Predecessor:} 7. c3 d6 8. Bb3 Ne7 9. Nbd2 Ng6 10. d4 O-O 11. Re1 Re8 12. Bc2 Nh5 13. Nf1 Nhf4 14. Ng3 Bd7 15. Ne2 Nxe2+ 16. Rxe2 h6 17. Be3 Qe7 18. Qd2 Be6 19. Kh2 c6 20. a3 {½-½ (42) Paszewski,M (2280)-Schreiner,P (2494) Graz 2017}) 7... h6 8. Qe2 {White has an edge.} O-O 9. Be3 d6 10. Bxa7 Rxa7 11. Nd5 Na5 12. Nxf6+ Qxf6 13. Nd2 b5 14. Bb3 c5 15. Bd5 Rc7 16. Qe3 Nc6 17. Bxc6 Rxc6 18. c3 Qe7 19. f4 exf4 20. Rxf4 f5 21. Raf1 Re8 (21... g5 $11 22. R4f2 f4) 22. Qf3 ({Better is} 22. Qg3 $16) 22... fxe4 (22... g5 $1 $11 23. exf5 {[%mdl 64] Discovered Attack} gxf4 24. Qxc6 Bb7) 23. Nxe4 d5 $1 {[%cal Rd5e4]} 24. Ng3 Be6 (24... Qe3+ $11 {keeps the balance.} 25. Qxe3 Rxe3) 25. Nf5 $16 Qd7 {[#]} 26. Qg3 (26. Nxh6+ $1 $16 {[%mdl 512]} gxh6 27. Rf6) 26... Bxf5 $11 27. Rxf5 Rce6 28. Rf7 {[%mdl 64] Decoy} Qxf7 29. Rxf7 Kxf7 {[%mdl 4096] Endgame KQ-KRR} 30. Qc7+ Kg8 31. Qxc5 Re5 32. d4 Rg5 33. h4 Rf5 34. Qc6 Re1+ 35. Kh2 {aiming for Qc8+.} Kh7 36. Qxa6 Rf4 $2 ({Black should play} 36... Re4 $11) 37. Kg3 $1 $16 {[%cal Rg3f4]} Ree4 (37... Ref1 $16) 38. Qxb5 $18 Rg4+ 39. Kf3 {g3 is the strong threat.} Rgf4+ 40. Kg3 Rg4+ {[#]} 41. Kf2 (41. Kh2 $1 $18) 41... Rgf4+ $16 42. Kg1 Re1+ 43. Kh2 Rxh4+ 44. Kg3 Ree4 $2 {[%mdl 8192]} (44... g5 $16 {is a better defense.} 45. Qb7+ Kg6) 45. Qxd5 $18 {Threatens to win with Qf5+.} Rhg4+ 46. Kf3 $2 (46. Kh2 $18) 46... Rgf4+ $14 47. Kg3 {Strongly threatening a4.} Rg4+ 48. Kf2 (48. Kh2 $14 Ref4 49. Kg1) 48... Ref4+ $2 {[%mdl 8192] White now steadily converts the win.} (48... Rgf4+ $11 {and Black is okay.} 49. Kg3 Rg4+) 49. Ke3 $18 Rf6 50. a4 Rg3+ 51. Ke2 Rfg6 52. Kf2 R3g5 53. Qe4 Kh8 (53... h5 $142 54. b4 Rg4) 54. a5 Rf6+ 55. Kg1 Rxa5 56. b4 Ra1+ 57. Kh2 Raf1 58. b5 R6f4 59. Qe8+ Kh7 (59... Rf8 $142 60. Qe2 R8f2) 60. b6 Rh4+ 61. Kg3 Rff4 62. b7 {White mates.} Rhg4+ 63. Kh2 Rh4+ 64. Kg1 Rhg4 65. b8=Q Re4 {[#]} 66. Qxe4+ $3 Rxe4 {[#]} 67. Qg3 {Accuracy: White = 73%, Black = 60%.} (67. Qb1 $142 $1 h5 68. Qxe4+ Kh6 69. d5 g6 70. d6 h4 71. d7 h3 72. d8=Q h2+ 73. Kxh2 Kg7 74. Qee7+ Kh6 75. Qh8#) 1-0

[Event "Stay Safe Play From Home 249"]
[Site "Emanuel Lasker Arena"]
[Date "2020.06.23"]
[Round "5"]
[White "Dukic"]
[Black "Moontan"]
[Result "0-1"]
[WhiteElo "1916"]
[BlackElo "1831"]
[Annotator "TA"]
[PlyCount "68"]
[EventDate "2020.06.23"]
[EventType "swiss (blitz)"]

{[%evp 9,68,16,39,29,58,51,52,60,62,40,62,56,81,70,81,54,73,31,45,23,39,0,12,10,36,-19,0,-33,-16,-33,-6,-25,-15,-46,-12,-73,-13,-54,6,-61,1,-59,0,-81,-89,-222,-220,-212,-230,-231,-65,-65,-65,-84,11,0,8,-1004,-981,-966,17]} 1. c4 Nf6 2. Nc3 d6 3. d4 Nbd7 4. g3 c6 5. Bg2 e5 6. e4 {A53: Old Indian Defence without Nf3.} Qc7 7. Nge2 Be7 8. O-O {White is slightly better.} O-O 9. b3 Re8 10. h3 Bf8 11. Be3 a6 {[#]} 12. Rc1 $146 ({Predecessor:} 12. d5 g6 13. Qd2 Qb8 14. Kh2 cxd5 15. cxd5 b5 16. Bg5 Bg7 17. Rac1 a5 18. f4 {½-½ (43) Jaderberg,B (2095)-Mansson,L (2217) Sweden 2010}) 12... Qb8 13. Qd3 b5 14. d5 cxd5 15. cxd5 Nc5 16. Qc2 b4 17. Nb1 (17. Bxc5 $14 dxc5 18. Na4) 17... a5 18. Nd2 Ba6 $36 {[%mdl 2048] Black has some pressure.} 19. Nc4 Qc7 20. Rfd1 Rec8 21. f3 Nfd7 22. Bf1 (22. Qb1 $11) 22... Bb5 (22... a4 $17) 23. Qb2 Qb7 (23... a4 $15) 24. h4 (24. Qd2 $11) 24... Qa6 ({Black should play} 24... a4 $15) 25. Bh3 (25. Qd2 $11) 25... Rc7 (25... a4 $15 26. Bxc5 Rxc5) 26. Kf2 (26. Qd2 $11 {keeps the balance.}) 26... a4 $17 27. Ng1 (27. Bxd7 $17 {keeps fighting.} Nxd7 28. Kg2) 27... axb3 $19 28. axb3 Qa2 29. Rc2 Qxb2 $2 (29... Qxb3 $19 30. Qxb3 Nxb3 31. Bxd7 Rxc4) 30. Rxb2 $15 Bxc4 31. bxc4 {[#]} b3 ({Black should try} 31... Ra3 $1 $17) 32. Ne2 Ra2 33. Rdd2 $2 {[%mdl 8192]} (33. Rxa2 $11 bxa2 34. Ra1) 33... Rxb2 $19 34. Rxb2 Nb6 $2 {[%mdl 32768] Accuracy: White = 45%, Black = 48%. . Loss on time!?} (34... Nd3+ $19 35. Kg2 Nxb2) 0-1

[Event "Stay Safe Play From Home 249"]
[Site "Emanuel Lasker Arena"]
[Date "2020.06.23"]
[Round "5"]
[White "Klasman"]
[Black "Haxhi Baha"]
[Result "0-1"]
[WhiteElo "1844"]
[BlackElo "1971"]
[Annotator "TA"]
[PlyCount "112"]
[EventDate "2020.06.23"]
[EventType "swiss (blitz)"]

{[%evp 9,111,24,24,25,36,-293,-270,-299,-300,-293,-299,-302,-287,-299,-295,-295,-289,-300,-297,-293,-295,-295,-287,-283,-277,-343,-314,-300,-260,-254,-253,-239,-238,-249,-239,-319,-293,-319,-319,-306,-306,-273,-201,-263,-195,-196,-189,-177,-95,-169,-166,-162,-171,-226,-212,-422,-422,-467,-432,-426,-416,-447,-397,-422,-416,-411,-370,-1104,-1033,-29961,-29963,-29966,-29968,-29969,-29970,-29969,-29970,-29970,-29971,-29970,-29970,-29979,-29980,-29980,-29981,-29981,-29982,-29983,-29983,-29985,-29986,-29986,-29987,-29988,-29989,-29989,-29990,-29991,-29992,-29996,-29997,-29998,-29999,-29999]} 1. f4 e5 2. fxe5 d6 3. Nf3 Bg4 4. e4 dxe5 5. Bc4 Nc6 6. d3 {C30: King's Gambit Declined.} Bc5 7. Bxf7+ $2 {[%mdl 8192]} (7. h3 $14 {keeps the upper hand.} Bxf3 8. Qxf3) 7... Kxf7 $19 8. Ng5+ {[#]Black has a decisive advantage.} Qxg5 $1 {[%mdl 512]} 9. Bxg5 Bxd1 10. Kxd1 Nf6 {[#]} 11. Rf1 $146 ({Predecessor:} 11. Nd2 h6 12. Bh4 g5 13. Bg3 Nh5 14. Be1 Ke6 15. g4 Nf4 16. Nf1 Rad8 17. a3 {0-1 (48) Beck-Schmidt,A (2176) Mering 2002}) 11... Kg6 12. Bxf6 Rhf8 {[%mdl 64] Pin} 13. Nc3 Rxf6 ({Don't do} 13... gxf6 14. Kd2 $19) 14. Rxf6+ gxf6 15. Nd5 Bd6 16. Kd2 f5 17. Rf1 fxe4 18. dxe4 Rf8 19. Rxf8 Bxf8 20. Nxc7 Bh6+ 21. Kc3 Be3 22. Nd5 Bd4+ 23. Kb3 Bg1 24. h3 Nd4+ 25. Kc3 Ne2+ 26. Kc4 Nf4 27. Nxf4+ exf4 {[%mdl 4096] Endgame KB-KP} 28. Kd5 {[#]} Kf7 ({Black should play} 28... Be3 $1 $19 29. Ke6 b6) 29. Ke5 (29. b4 $17) 29... Be3 30. Kf5 h6 31. e5 (31. c4 {was worth a try.}) 31... Ke7 32. Ke4 $2 (32. b3) 32... Bc1 33. b3 Ke6 34. c4 Bb2 35. Kxf4 Bxe5+ 36. Kg4 Bc3 37. Kh5 Bd2 38. g4 $2 (38. b4 Kf5 39. h4) 38... a5 39. h4 Kf6 {Black mates.} 40. a3 b6 41. b4 axb4 42. axb4 Bxb4 43. Kxh6 {KB-K3P} Bd2+ 44. g5+ Kf5 45. Kh7 {[#]} Bxg5 $1 {[%mdl 512]} 46. hxg5 Kxg5 {KP-KP} 47. Kg7 Kf5 48. Kf7 Ke5 49. Ke7 Kd4 50. Kd6 Kxc4 {KP-K} 51. Kc6 b5 52. Kb6 b4 53. Ka5 b3 54. Ka4 b2 55. Ka3 b1=Q {[%csl Gc4][%cal Rb1b3]} 56. Ka4 Qb4# {Accuracy: White = 56%, Black = 89%.} 0-1

[Event "Stay Safe Play From Home 249"]
[Site "Emanuel Lasker Arena"]
[Date "2020.06.23"]
[Round "5"]
[White "Germanicus G"]
[Black "Tobo Rubirosa"]
[Result "0-1"]
[WhiteElo "1682"]
[BlackElo "1717"]
[Annotator "NA RC"]
[PlyCount "107"]
[EventDate "2020.06.23"]
[EventType "swiss (blitz)"]

1. Nf3 {[%emt 0:00:07]} Nf6 {[%emt 0:00:02]} 2. d4 {[%emt 0:00:02]} g6 {[%emt 0:00:01]} 3. c4 {[%emt 0:00:03]} Bg7 {[%emt 0:00:01]} 4. e3 {[%emt 0:00:02]} O-O {[%emt 0:00:02]} 5. g3 {[%emt 0:00:01]} c5 {[%emt 0:00:02]} 6. Bg2 {[%emt 0:00:02]} Nc6 {[%emt 0:00:03]} 7. O-O {[%emt 0:00:02]} cxd4 {[%emt 0:00:09]} 8. exd4 {[%emt 0:00:02]} d5 {[%emt 0:00:02]} 9. b3 {[%emt 0:00:11]} dxc4 {[%emt 0:00:04]} 10. bxc4 {[%emt 0:00:02]} Bg4 {[%emt 0:00:01]} 11. Bb2 {[%emt 0:00:18]} Ne4 {[%emt 0:00:04]} 12. Qd3 {[%emt 0:00:07]} Bxf3 {[%emt 0:00:26]} 13. Bxf3 {[%emt 0:00:23]} Nxd4 {[%emt 0:00:04]} 14. Nc3 {[%emt 0:00:34]} Nxf3+ {[%emt 0:00:12]} 15. Qxf3 {[%emt 0:00:07]} Nd2 {[%emt 0:00:03]} 16. Qe3 {[%emt 0:00:24]} Nxf1 {[%emt 0:00:02]} 17. Rxf1 {[%emt 0:00:02]} Qa5 {[%emt 0:00:05]} 18. Ba1 {[%emt 0:00:16]} e6 {[%emt 0:00:09]} 19. Nb5 {[%emt 0:00:20]} Rac8 {[%emt 0:00:06]} 20. Nd6 {[%emt 0:00:24]} Bxa1 {[%emt 0:00:24]} 21. Nxc8 {[%emt 0:00:02]} Rxc8 {[%emt 0:00:02]} 22. Rxa1 {[%emt 0:00:07]} Rxc4 {[%emt 0:00:01]} 23. Qf3 {[%emt 0:00:07]} Qc7 {[%emt 0:00:04]} 24. Rb1 {[%emt 0:00:03]} Rc1+ {[%emt 0:00:02]} 25. Rxc1 {[%emt 0:00:02]} Qxc1+ {[%emt 0:00:01]} 26. Kg2 {[%emt 0:00:00]} Qc6 {[%emt 0:00:02]} 27. Qxc6 {[%emt 0:00:02]} bxc6 {[%emt 0:00:01]} 28. Kf3 {[%emt 0:00:00]} Kf8 {[%emt 0:00:01]} 29. Ke3 {[%emt 0:00:00]} Ke7 {[%emt 0:00:01]} 30. Kd4 {[%emt 0:00:00]} Kd7 {[%emt 0:00:01]} 31. Kc5 {[%emt 0:00:00]} Kc7 {[%emt 0:00:01]} 32. f3 {[%emt 0:00:00]} e5 {[%emt 0:00:02]} 33. f4 {[%emt 0:00:00]} exf4 {[%emt 0:00:02]} 34. gxf4 {[%emt 0:00:01]} f6 {[%emt 0:00:01]} 35. h4 {[%emt 0:00:01]} h6 {[%emt 0:00:03]} 36. Kd4 {[%emt 0:00:07]} Kd6 {[%emt 0:00:02]} 37. Ke4 {[%emt 0:00:01]} f5+ {[%emt 0:00:02]} 38. Kd4 {[%emt 0:00:02]} c5+ {[%emt 0:00:01]} 39. Kc4 {[%emt 0:00:02]} Kc6 {[%emt 0:00:01]} 40. a3 {[%emt 0:00:02]} a6 {[%emt 0:00:03]} 41. a4 {[%emt 0:00:01]} a5 {[%emt 0:00:01]} 42. Kc3 {[%emt 0:00:04]} Kd5 {[%emt 0:00:01]} 43. Kd3 {[%emt 0:00:01]} c4+ {[%emt 0:00:08]} 44. Kc3 {[%emt 0:00:01]} Kc5 {[%emt 0:00:03]} 45. Kd2 {[%emt 0:00:04]} Kd4 {[%emt 0:00:01]} 46. Kc2 {[%emt 0:00:02]} Ke4 {[%emt 0:00:04]} 47. Kc3 {[%emt 0:00:01]} Kxf4 {[%emt 0:00:01]} 48. Kxc4 {[%emt 0:00:00]} g5 {[%emt 0:00:01]} 49. Kb5 {[%emt 0:00:00]} g4 {[%emt 0:00:01]} 50. Kxa5 {[%emt 0:00:03]} g3 {[%emt 0:00:01]} 51. Ka6 {[%emt 0:00:00]} g2 {[%emt 0:00:01]} 52. Ka7 {[%emt 0:00:00]} g1=Q+ {[%emt 0:00:01]} 53. Kb7 {[%emt 0:00:03]} Qc5 {[%emt 0:00:04]} 54. a5 {[%emt 0:00:02] Germanicus G gibt auf (Lag: Av=0.76s, max=1.1s)} 0-1

[Event "Stay Safe Play From Home 249"]
[Site "Emanuel Lasker Arena"]
[Date "2020.06.23"]
[Round "5"]
[White "matanant"]
[Black "Timbre"]
[Result "1-0"]
[WhiteElo "1652"]
[BlackElo "1661"]
[Annotator "NA RC"]
[PlyCount "71"]
[EventDate "2020.06.23"]
[EventType "swiss (blitz)"]

1. e4 {[%emt 0:00:03]} c6 {[%emt 0:00:02]} 2. d4 {[%emt 0:00:02]} d5 {[%emt 0:00:01]} 3. Nd2 {[%emt 0:00:02]} dxe4 {[%emt 0:00:02]} 4. Nxe4 {[%emt 0:00:02]} Bf5 {[%emt 0:00:01]} 5. Ng3 {[%emt 0:00:01]} Bg6 {[%emt 0:00:01]} 6. h4 {[%emt 0:00:00]} h6 {[%emt 0:00:01]} 7. h5 {[%emt 0:00:01]} Bh7 {[%emt 0:00:01]} 8. Nf3 {[%emt 0:00:00]} Nd7 {[%emt 0:00:02]} 9. Bd3 {[%emt 0:00:00]} Bxd3 {[%emt 0:00:03]} 10. Qxd3 {[%emt 0:00:00]} Ngf6 {[%emt 0:00:01]} 11. O-O {[%emt 0:00:00]} e6 {[%emt 0:00:01]} 12. Re1 {[%emt 0:00:00]} Be7 {[%emt 0:00:01]} 13. Bf4 {[%emt 0:00:05]} O-O {[%emt 0:00:03]} 14. Ne5 {[%emt 0:00:02]} Nxe5 {[%emt 0:00:03]} 15. Bxe5 {[%emt 0:00:02]} Qa5 {[%emt 0:00:11]} 16. c3 {[%emt 0:00:06]} Rad8 {[%emt 0:00:02]} 17. Qf3 {[%emt 0:00:06]} c5 {[%emt 0:00:05]} 18. Ne4 {[%emt 0:00:11]} Nxe4 {[%emt 0:00:05]} 19. Qxe4 {[%emt 0:00:04]} cxd4 {[%emt 0:00:02]} 20. cxd4 {[%emt 0:00:04]} Rd5 {[%emt 0:00:03]} 21. Qg4 {[%emt 0:00:03]} Rxe5 {[%emt 0:00:10]} 22. dxe5 {[%emt 0:00:12]} Qb5 {[%emt 0:00:08]} 23. b3 {[%emt 0:00:06]} Bc5 {[%emt 0:00:03]} 24. Rac1 {[%emt 0:00:11]} b6 {[%emt 0:00:03]} 25. Rc3 {[%emt 0:00:07]} Bb4 {[%emt 0:00:13]} 26. Rg3 {[%emt 0:00:03]} g6 {[%emt 0:00:21]} 27. Re4 {[%emt 0:00:02]} Be7 {[%emt 0:00:17]} 28. hxg6 {[%emt 0:00:02]} Bg5 {[%emt 0:00:03]} 29. gxf7+ {[%emt 0:00:03]} Kxf7 {[%emt 0:00:03]} 30. Rf3+ {[%emt 0:00:21]} Ke7 {[%emt 0:00:05]} 31. Rxf8 {[%emt 0:00:01]} Kxf8 {[%emt 0:00:01]} 32. Qxe6 {[%emt 0:00:01]} Qc5 {[%emt 0:00:05]} 33. Rc4 {[%emt 0:00:09]} Qa3 {[%emt 0:00:17]} 34. Rc8+ {[%emt 0:00:04]} Kg7 {[%emt 0:00:02]} 35. Rg8+ {[%emt 0:00:02]} Kh7 {[%emt 0:00:03]} 36. Qg6# {[%emt 0:00:01] (Lag: Av=6.88s, max=29.6s)} 1-0

[Event "Stay Safe Play From Home 249"]
[Site "Emanuel Lasker Arena"]
[Date "2020.06.23"]
[Round "6"]
[White "Lazieri3"]
[Black "Dukic"]
[Result "0-1"]
[WhiteElo "2122"]
[BlackElo "1895"]
[PlyCount "60"]
[EventDate "2020.06.23"]
[EventType "swiss (blitz)"]

1. e4 {[%emt 0:00:03]} c6 {[%emt 0:00:47]} 2. d4 {[%emt 0:00:01]} d6 {[%emt 0:00:01]} 3. c3 {[%emt 0:00:01]} Nd7 {[%emt 0:00:01]} 4. Be3 {[%emt 0:00:00]} e5 {[%emt 0:00:01]} 5. Nf3 {[%emt 0:00:01]} Ngf6 {[%emt 0:00:01]} 6. Bd3 {[%emt 0:00:01]} d5 {[%emt 0:00:02]} 7. exd5 {[%emt 0:00:01]} e4 {[%emt 0:00:01]} 8. dxc6 {[%emt 0:00:01]} bxc6 {[%emt 0:00:02]} 9. Qa4 {[%emt 0:00:08]} Qc7 {[%emt 0:00:07]} 10. Be2 {[%emt 0:00:05]} exf3 {[%emt 0:00:02]} 11. Bxf3 {[%emt 0:00:00]} Bb7 {[%emt 0:00:05]} 12. Nd2 {[%emt 0:00:03]} Be7 {[%emt 0:00:04]} 13. O-O {[%emt 0:00:05]} O-O {[%emt 0:00:02]} 14. g3 {[%emt 0:00:06]} Nb6 {[%emt 0:00:24]} 15. Qc2 {[%emt 0:00:13]} Nfd5 {[%emt 0:00:10]} 16. Be4 {[%emt 0:00:06]} g6 {[%emt 0:00:04]} 17. Bh6 {[%emt 0:00:02]} Rfe8 {[%emt 0:00:02]} 18. Rae1 {[%emt 0:00:05]} f5 {[%emt 0:00:08]} 19. Bd3 {[%emt 0:00:01]} Bf6 {[%emt 0:00:06]} 20. a3 {[%emt 0:00:11]} c5 {[%emt 0:00:03]} 21. c4 {[%emt 0:00:08]} Ne7 {[%emt 0:00:14]} 22. d5 {[%emt 0:00:02]} Nbc8 {[%emt 0:00:14]} 23. Bf4 {[%emt 0:00:05]} Nd6 {[%emt 0:00:01]} 24. Re6 {[%emt 0:00:02]} Nxd5 {[%emt 0:00:27]} 25. Bxd6 {[%emt 0:00:51]} Qc6 {[%emt 0:00:06]} 26. cxd5 {[%emt 0:00:31]} Qxd5 {[%emt 0:00:27]} 27. Rxe8+ {[%emt 0:00:02]} Kg7 {[%emt 0:00:04]} 28. Bf8+ {[%emt 0:00:35]} Kh8 {[%emt 0:00:05]} 29. Be4 {[%emt 0:00:07]} fxe4 {[%emt 0:00:03]} 30. Rxa8 {[%emt 0:00:08]} Bxa8 {[%emt 0:00:01] Time (Lag: Av=0.56s, max=1.1s)} 0-1

[Event "Stay Safe Play From Home 249"]
[Site "Emanuel Lasker Arena"]
[Date "2020.06.23"]
[Round "6"]
[White "Haxhi Baha"]
[Black "Dave_H"]
[Result "1-0"]
[WhiteElo "1982"]
[BlackElo "1919"]
[PlyCount "97"]
[EventDate "2020.06.23"]
[EventType "swiss (blitz)"]
[BlackTeam "SK Vellmar"]

{- Halt, David (2088)} 1. e4 {[%emt 0:00:06]} e5 {[%emt 0:00:02]} 2. Nf3 {[%emt 0:00:01]} Nc6 {[%emt 0:00:02]} 3. Bc4 {[%emt 0:00:01]} Nf6 {[%emt 0:00:02]} 4. d3 {[%emt 0:00:02]} Bc5 {[%emt 0:00:02]} 5. c3 {[%emt 0:00:03]} a6 {[%emt 0:00:01]} 6. b4 {[%emt 0:00:02]} Ba7 {[%emt 0:00:02]} 7. Bg5 {[%emt 0:00:01]} h6 {[%emt 0:00:02]} 8. Bh4 {[%emt 0:00:02]} d6 {[%emt 0:00:01]} 9. Nbd2 {[%emt 0:00:02]} g5 {[%emt 0:00:03]} 10. Nxg5 {[%emt 0:00:02]} hxg5 {[%emt 0:00:03]} 11. Bxg5 {[%emt 0:00:00]} Rg8 {[%emt 0:00:09]} 12. h4 {[%emt 0:00:01]} Rg6 {[%emt 0:00:18]} 13. Qe2 {[%emt 0:00:02]} Qd7 {[%emt 0:00:08]} 14. f4 {[%emt 0:00:21]} exf4 {[%emt 0:00:20]} 15. d4 {[%emt 0:00:06]} Ng4 {[%emt 0:00:10]} 16. Bxf4 {[%emt 0:00:11]} Qe7 {[%emt 0:00:12]} 17. Bg5 {[%emt 0:00:27]} f6 {[%emt 0:00:07]} 18. Bf4 {[%emt 0:00:03]} Bd7 {[%emt 0:00:04]} 19. h5 {[%emt 0:00:07]} Rg7 {[%emt 0:00:08]} 20. h6 {[%emt 0:00:01]} Rh7 {[%emt 0:00:01]} 21. Bg8 {[%emt 0:00:04]} Rh8 {[%emt 0:00:02]} 22. h7 {[%emt 0:00:00]} O-O-O {[%emt 0:00:03]} 23. Rh4 {[%emt 0:00:07]} Qg7 {[%emt 0:00:17]} 24. O-O-O {[%emt 0:00:15]} f5 {[%emt 0:00:16]} 25. exf5 {[%emt 0:00:27]} Re8 {[%emt 0:00:06]} 26. Qxg4 {[%emt 0:00:05]} Qf6 {[%emt 0:00:11]} 27. Qg5 {[%emt 0:00:13]} Qxf5 {[%emt 0:00:03]} 28. Qxf5 {[%emt 0:00:01]} Bxf5 {[%emt 0:00:01]} 29. Nf3 {[%emt 0:00:13]} Ne7 {[%emt 0:00:14]} 30. Re1 {[%emt 0:00:17]} Bg6 {[%emt 0:00:06]} 31. Be6+ {[%emt 0:00:09]} Kb8 {[%emt 0:00:06]} 32. Ng5 {[%emt 0:00:01]} Nf5 {[%emt 0:00:05]} 33. Rhh1 {[%emt 0:00:13]} Ng7 {[%emt 0:00:08]} 34. Bg4 {[%emt 0:00:16]} Ref8 {[%emt 0:00:04]} 35. Bg3 {[%emt 0:00:02]} Nf5 {[%emt 0:00:03]} 36. Bxf5 {[%emt 0:00:01]} Rxf5 {[%emt 0:00:02]} 37. Re7 {[%emt 0:00:02]} Rxg5 {[%emt 0:00:02]} 38. Bh4 {[%emt 0:00:01]} Rxg2 {[%emt 0:00:03]} 39. Bf6 {[%emt 0:00:01]} Rc2+ {[%emt 0:00:03]} 40. Kd1 {[%emt 0:00:01]} Bxd4 {[%emt 0:00:07]} 41. Bxd4 {[%emt 0:00:03]} Rxa2 {[%emt 0:00:01]} 42. Rhe1 {[%emt 0:00:03]} Bh5+ {[%emt 0:00:04]} 43. Kc1 {[%emt 0:00:01]} Bg6 {[%emt 0:00:02]} 44. Bxh8 {[%emt 0:00:02]} Rc2+ {[%emt 0:00:06]} 45. Kd1 {[%emt 0:00:00]} Ra2 {[%emt 0:00:04]} 46. Bd4 {[%emt 0:00:01]} b6 {[%emt 0:00:02]} 47. h8=Q+ {[%emt 0:00:02]} Kb7 {[%emt 0:00:02]} 48. Qh1+ {[%emt 0:00:00]} Ka7 {[%emt 0:00:02]} 49. Rxc7+ {[%emt 0:00:01] Dave_H gibt auf (Lag: Av=0.54s, max=0.7s)} 1-0